Mina de oro en Esquel.

Guardado en:
Formato: Deslizar
Materias:
Etiquetas: Agregar Etiqueta
Sin Etiquetas, Sea el primero en etiquetar este registro!
LEADER 00852ngm a22002295g 4500
001 CEM.cems022964
008 130507b2010##################0###0#####d
005 20241127211838.0
245 0 0 |a Mina de oro en Esquel. 
300 |a 35'. 
500 |a En soporte VHS, consultar en ventanilla. 
505 0 |a La explotación de oro a cielo abierto en Esquel. La ley de minería. Contaminación del suelo. Resistencia de la población de Esquel al proyecto. Contaminación y efectos del cianuro. 
538 |a Soporte: VHS - Norma: Pal N - Color: Si - Grabación DRD 2010 - Hitachi=3840 
082 5 7 |. 5/CHE 
653 |a ESQUEL 
653 |a MINERIA 
653 |a CONTAMINACION 
653 |a ECOLOGIA 
653 |a CIANURO 
653 |a NIVEL PRIMARIO 
653 |a NIVEL SECUNDARIO 
859 |a CEMS  |b BIB. CEMS - Depto. Recursos Didacticos  |h 574.5  |i CHE  |k DRD  |p 1607.12  |t Ej.1